Statistics for Guess my favorite animes

Click here to take the quiz!

General Stats

  • This quiz has been taken 62 times
  • The average score is 8 of 15

Answer Stats

HintAnswer% Correct
notebookDeath Note
96%
foodFood Wars
87%
giantsAttack on Titan
85%
eats hairMy Hero Academia
83%
demon sisterDemon Slayer
81%
demon butlerBlack Butler
79%
host clubOuran High School Host Club
68%
gambleKakegurui
64%
spawn of satanBlue Exorcist
60%
pedophileHunter x Hunter
42%
ghost friendAnohana
28%
it was meJoJo's Bizarre Adventure
28%
silver armViolet Evergarden
15%
goddessDanmachi
13%
little bunnyThe Promised Neverland
9%

Score Distribution

Percentile by Number Answered

Percent of People with Each Score

Your Score History

You have not taken this quiz